El cultivo de la caña de azúcar

Uloženo v:
Podrobná bibliografie
Hlavní autor: Humbert, Roger P (Autor)
Médium: Kniha
Jazyk:španělština
Vydáno: Ciudad de México Centro Regional de Ayuda Técnica 1974
Témata:
Tagy: Přidat tag
Žádné tagy, Buďte první, kdo vytvoří štítek k tomuto záznamu!

MARC

LEADER 00000nam a2200000 a 4500
001 UCR5490
003 CL-VaPUC
008 980327e19740000MX |||||||||||||||||spa|d
082 0 4 |a 633.61  |b HUM  |2 21 
100 0 |a Humbert, Roger P  |e author  |9 406451 
245 1 3 |a El cultivo de la caña de azúcar 
300 |a 719 p 
942 |c BK 
945 |d 19980327 00:00:00  |a rleighto 
260 |a Ciudad de México  |b Centro Regional de Ayuda Técnica  |c 1974 
650 7 |a CAÑA DE AZUCAR  |2 CL-VaPUC  |9 403484 
650 7 |a PREPARACION DE SUELOS  |2 CL-VaPUC  |9 401602 
650 0 |a Siembra  |9 360167 
650 0 |a Riego  |9 259685 
650 7 |a MALAS HIERBAS  |2 CL-VaPUC  |9 405927 
650 0 |a Control de malezas  |9 259684 
650 0 |a Cosecha  |9 259688 
650 0 |a Control de plagas  |9 327373 
650 0 |a Enfermedades de las plantas  |9 259687 
583 |a last modification  |c 19980327 00:00:00  |k Rodrigo Vera 
999 |c 268079  |d 268077